[Event "Banja Luka"]
[Site "Banja Luka"]
[Date "1981.??.??"]
[Round "?"]
[White "Lakic, Nikola"]
[Black "Velimirovic, Dragoljub"]
[Result "1/2-1/2"]
[WhiteElo "2355"]
[BlackElo "2480"]
[PlyCount "47"]
[EventDate "1981.04.??"]
[EventType "tourn"]
[EventRounds "11"]
[EventCountry "YUG"]
[EventCategory "9"]
[Source "ChessBase"]
[SourceDate "1999.07.01"]
[WhiteTeamCountry "URS"]
[BlackTeamCountry "YUG"]

1. Nf3 Nf6 2. c4 e6 3. Nc3 Bb4 4. Qc2 c5 5. b3 O-O 6. Bb2 d5 7. e3 d4 8. Nd1
Nc6 9. a3 e5 10. Nxe5 Nxe5 11. axb4 Nc6 12. d3 Nxb4 13. Qd2 Re8 14. Be2 Bg4 15.
O-O dxe3 16. Nxe3 Ne4 17. Qd1 Bxe2 18. Qxe2 Qxd3 19. Qg4 g6 20. Nf5 h5 21. Qf4
gxf5 22. Qh6 Nc3 23. Qg5+ Kf8 24. Qh6+ 1/2-1/2

[Event "Banja Luka"]
[Site "Banja Luka"]
[Date "1981.??.??"]
[Round "?"]
[White "Sax, Gyula"]
[Black "Velimirovic, Dragoljub"]
[Result "0-1"]
[WhiteElo "2560"]
[BlackElo "2480"]
[PlyCount "72"]
[EventDate "1981.04.??"]
[EventType "tourn"]
[EventRounds "11"]
[EventCountry "YUG"]
[EventCategory "9"]
[Source "ChessBase"]
[SourceDate "1999.07.01"]
[WhiteTeamCountry "URS"]
[BlackTeamCountry "YUG"]

1. e4 c5 2. Nf3 Nc6 3. d4 cxd4 4. Nxd4 g6 5. Nc3 Bg7 6. Be3 Nf6 7. Nb3 O-O 8.
Be2 d6 9. O-O Be6 10. f4 Rc8 11. Kh1 Na5 12. f5 Nc4 13. Bd4 Bd7 14. Nd2 Nxb2
15. Qb1 Na4 16. Nxa4 Bxa4 17. Qxb7 Rxc2 18. Qb4 Bc6 19. Rfd1 Bh6 20. Bxf6 exf6
21. Bf3 Qb6 22. Qxb6 axb6 23. Nf1 Bf4 24. g3 Be5 25. Rac1 Rc5 26. Nd2 Ra8 27.
Nb3 gxf5 28. Nxc5 bxc5 29. Rd2 fxe4 30. Bg2 Ra4 31. Re2 Kg7 32. g4 h5 33. h3 h4
34. Rb1 d5 35. Rb6 Ba8 36. Rb5 c4 0-1

[Event "Banja Luka"]
[Site "Banja Luka"]
[Date "1981.??.??"]
[Round "?"]
[White "Velimirovic, Dragoljub"]
[Black "Bukic, Enver"]
[Result "1/2-1/2"]
[WhiteElo "2480"]
[BlackElo "2480"]
[PlyCount "66"]
[EventDate "1981.04.??"]
[EventType "tourn"]
[EventRounds "11"]
[EventCountry "YUG"]
[EventCategory "9"]
[Source "ChessBase"]
[SourceDate "1999.07.01"]
[WhiteTeamCountry "URS"]
[BlackTeamCountry "YUG"]

1. e4 c5 2. Nf3 d6 3. d4 cxd4 4. Nxd4 Nf6 5. Nc3 a6 6. Bg5 e6 7. f4 Be7 8. Qf3
Qc7 9. O-O-O Nbd7 10. Bd3 h6 11. h4 Nc5 12. f5 hxg5 13. hxg5 Rxh1 14. Rxh1 Nfd7
15. fxe6 fxe6 16. Qh5+ Kd8 17. Qh8+ Nf8 18. Rf1 Bd7 19. Qxg7 Be8 20. Rxf8 Bxf8
21. Qxf8 Qe7 22. Qh6 Qf7 23. Qh4 Nxd3+ 24. cxd3 Kc7 25. g6 Qxg6 26. Qe7+ Bd7
27. e5 dxe5 28. Qc5+ Kd8 29. Qf8+ Qe8 30. Qf6+ Qe7 31. Qh8+ Qe8 32. Qf6+ Qe7
33. Qh8+ Qe8 1/2-1/2

[Event "Banja Luka"]
[Site "Banja Luka"]
[Date "1981.??.??"]
[Round "?"]
[White "Velimirovic, Dragoljub"]
[Black "Mihaljcisin, Mihajlo"]
[Result "1-0"]
[WhiteElo "2480"]
[BlackElo "2325"]
[PlyCount "81"]
[EventDate "1981.04.??"]
[EventType "tourn"]
[EventRounds "11"]
[EventCountry "YUG"]
[EventCategory "9"]
[Source "ChessBase"]
[SourceDate "1999.07.01"]
[WhiteTeamCountry "URS"]
[BlackTeamCountry "YUG"]

1. e4 c5 2. Nf3 Nc6 3. d4 cxd4 4. Nxd4 Nf6 5. Nc3 d6 6. Bc4 Qb6 7. Ndb5 a6 8.
Be3 Qa5 9. Nd4 e6 10. O-O Be7 11. Bb3 O-O 12. f4 Nxd4 13. Bxd4 e5 14. Bf2 exf4
15. Bd4 Be6 16. Rxf4 Qg5 17. Qf1 Rac8 18. Rd1 Ng4 19. Rd3 Ne5 20. Rg3 Qh6 21.
Nd5 Bg5 22. Rf5 Bd8 23. Ne3 Bxb3 24. axb3 Qe6 25. c3 Ng6 26. Rh5 Qxe4 27. Nf5
Rc6 28. Bxg7 Bb6+ 29. Kh1 d5 30. Bxf8 Kxf8 31. Nh6 Rf6 32. Rf5 Rxf5 33. Nxf5
Bc7 34. Re3 Qc2 35. Nh6 Bf4 36. Re2 Qxb3 37. Nf5 Qb5 38. g3 Bc7 39. Nd4 Qd7 40.
Qf6 Kg8 41. Nf5 1-0

[Event "Banja Luka"]
[Site "Banja Luka"]
[Date "1981.??.??"]
[Round "?"]
[White "Velimirovic, Dragoljub"]
[Black "Nikolic, Predrag"]
[Result "0-1"]
[WhiteElo "2480"]
[BlackElo "2515"]
[Annotator "Gagarin"]
[PlyCount "72"]
[EventDate "1981.04.??"]
[EventType "tourn"]
[EventRounds "11"]
[EventCountry "YUG"]
[EventCategory "9"]
[Source "ChessBase"]
[SourceDate "1999.07.01"]
[WhiteTeamCountry "URS"]
[BlackTeamCountry "YUG"]

1. e4 g6 2. d4 c6 3. c4 Bg7 4. Nc3 d6 5. Be2 a6 6. Be3 b5 7. cxb5 axb5 8. a3
Nf6 9. Nf3 O-O 10. O-O Nbd7 11. h3 $14 Nb6 (11... Bb7 12. Bd3 Qb8 13. Qe2 Re8
14. Rfd1 e5 15. dxe5 dxe5 16. Bc2 Ba6 17. b4 c5 18. Rab1 cxb4 19. axb4 Rc8 20.
Nd5 $14 {Cramling,P-Pandavos,P/Iraklion/1993/1:0/31/}) 12. Qc2 (12. Qc1 $1 Be6
13. Bh6 Bc4 (13... b4 14. Bxg7 bxc3 15. Bxf8 cxb2 16. Qxb2 $16) 14. Bxg7 Kxg7
15. Re1 Bxe2 16. Rxe2 Nc4 17. b3 Na5 18. Qb2 Kg8 19. Rae1 Ra7 $6 20. d5 $1 $16
{Ghitescu,Th-Fuller,M/Malta ol/1980/1:0/41/}) 12... Nc4 13. Bf4 Qb6 14. a4 (14.
Nd2 $5 $14) 14... Be6 15. Ng5 $6 (15. axb5 cxb5 16. d5 Bd7 17. Rxa8 Rxa8 18.
Nxb5 Bxb5 19. Bxc4 Bxc4 20. Qxc4 Qxb2 $10) 15... Bd7 16. b3 Na3 $1 17. Qd3 (17.
Rxa3 b4 18. Raa1 bxc3 19. Nf3 (19. Rfd1 Rfb8 20. Rab1 h6 21. Nf3 Nxe4 $1 22.
Qxe4 Bf5 $19) (19. Qxc3 h6 20. Nf3 Nxe4 21. Qe3 $15) 19... Rfb8 20. Rab1 Be6
21. Bc4 Bxc4 (21... d5 $5 22. Bxb8 dxc4 23. Be5 cxb3 24. Qxc3 Nxe4 $44) 22.
bxc4 Qa5 23. e5 $13) 17... b4 18. e5 $2 (18. Nd1 h6 19. Nf3 $13) 18... Bf5 19.
Qg3 (19. exf6 Bxd3 20. fxg7 Kxg7 21. Bxd3 Qxd4 $19) 19... Nc2 20. Rad1 (20.
exf6 exf6 $19) 20... bxc3 21. exf6 exf6 22. Nf3 Qxb3 $19 23. Nh4 Be6 24. Bxd6
Rfd8 25. Bc5 f5 26. Nf3 Qxa4 27. Qh4 Bd5 28. Be7 Bxf3 29. Bxf3 Rxd4 30. Qg5
Rxd1 31. Bxd1 Qe4 32. Bc5 h6 33. Qc1 Ne1 $1 34. f3 Qe5 35. Bf2 Nd3 36. Qc2 Qd5
0-1

[Event "Banja Luka"]
[Site "Banja Luka"]
[Date "1981.??.??"]
[Round "?"]
[White "Velimirovic, Dragoljub"]
[Black "Tseshkovsky, Vitaly"]
[Result "1/2-1/2"]
[WhiteElo "2480"]
[BlackElo "2530"]
[PlyCount "83"]
[EventDate "1981.04.??"]
[EventType "tourn"]
[EventRounds "11"]
[EventCountry "YUG"]
[EventCategory "9"]
[Source "ChessBase"]
[SourceDate "1999.07.01"]
[WhiteTeamCountry "URS"]
[BlackTeamCountry "YUG"]

1. e4 c5 2. Nf3 d6 3. d4 cxd4 4. Nxd4 Nf6 5. Nc3 a6 6. Bg5 Nc6 7. Bxf6 gxf6 8.
Be2 e6 9. Nb3 b5 10. O-O Bb7 11. f4 Bg7 12. Kh1 O-O 13. a3 Ne7 14. f5 Qb6 15.
fxe6 fxe6 16. Qd4 Qc7 17. Qe3 Rae8 18. Bh5 Ng6 19. Qg3 f5 20. exf5 exf5 21.
Bxg6 Be5 22. Bxh7+ Kh8 23. Qh3 Qxh7 24. Qxh7+ Kxh7 25. Rf2 Re6 26. Nd2 Rg8 27.
Nf3 Reg6 28. Raf1 Bf6 29. Nd1 f4 30. Rd2 a5 31. Nc3 b4 32. axb4 axb4 33. Nd5
Bxd5 34. Rxd5 Rxg2 35. Rf5 Bxb2 36. Rxf4 R2g4 37. Rxg4 Rxg4 38. Rd1 Rc4 39. Rd2
Bc1 40. Re2 d5 41. Kg2 d4 42. Ne1 1/2-1/2

[Event "Banja Luka"]
[Site "Banja Luka"]
[Date "1981.??.??"]
[Round "?"]
[White "Velimirovic, Dragoljub"]
[Black "Vukic, Milan"]
[Result "1-0"]
[WhiteElo "2480"]
[BlackElo "2505"]
[PlyCount "116"]
[EventDate "1981.04.??"]
[EventType "tourn"]
[EventRounds "11"]
[EventCountry "YUG"]
[EventCategory "9"]
[Source "ChessBase"]
[SourceDate "1999.07.01"]
[WhiteTeamCountry "URS"]
[BlackTeamCountry "YUG"]

1. e4 c5 2. Nf3 e6 3. d4 cxd4 4. Nxd4 Nf6 5. Nc3 Nc6 6. a3 d5 7. Bb5 Bd7 8.
exd5 exd5 9. Nf3 a6 10. Bxc6 Bxc6 11. O-O Be7 12. Nd4 O-O 13. Nf5 Re8 14. Qd4
Qd7 15. Nxe7+ Rxe7 16. Bg5 Re6 17. f3 Ne8 18. Bf4 Nc7 19. Bxc7 Qxc7 20. f4 Rd8
21. Rad1 Qe7 22. h3 f6 23. Kh2 f5 24. Rf3 Rd7 25. Rfd3 h6 26. Qf2 Qd8 27. Rd4
Kf7 28. R1d3 g6 29. Qd2 Red6 30. b4 Bb5 31. Re3 Bc6 32. a4 b6 33. Red3 b5 34.
a5 Bb7 35. Ne2 Re7 36. Re3 Rxe3 37. Qxe3 Re6 38. Qd2 g5 39. Ng3 Qf6 40. Qd3 Kg6
41. Qd1 Re3 42. Rd3 gxf4 43. Qh5+ Kh7 44. Qxf5+ Qxf5 45. Nxf5 Re2 46. Nd4 Re4
47. c3 Bc8 48. Kg1 Kg7 49. Kf2 Kf6 50. Nb3 Rc4 51. Nd2 Bf5 52. Rf3 Rc6 53. Rxf4
Ke5 54. Rh4 Rg6 55. Rh5 Ke6 56. g4 Bc2 57. Ke3 Rf6 58. Nf3 Be4 1-0

[Event "YUG Cup 24th"]
[Site "Pula"]
[Date "1981.05.18"]
[Round "1.1"]
[White "Nikolic, Predrag"]
[Black "Velimirovic, Dragoljub"]
[Result "1-0"]
[WhiteElo "2515"]
[BlackElo "2480"]
[PlyCount "85"]
[EventDate "1981.05.18"]
[EventType "swiss ()"]
[EventRounds "5"]
[EventCountry "YUG"]
[Source "ChessBase"]
[SourceDate "2009.11.30"]
[WhiteTeam "Sarajevo CC"]
[BlackTeam "Belgrade Rad"]
[WhiteTeamCountry "YUG"]
[BlackTeamCountry "YUG"]

1. Nf3 Nf6 2. d4 c5 3. c4 cxd4 4. Nxd4 e6 5. Nc3 Bb4 6. Ndb5 O-O 7. Bf4 d5 8.
e3 Nc6 9. a3 Ba5 10. b4 a6 11. cxd5 Nxd5 12. Nxd5 axb5 13. Nc3 Qxd1+ 14. Rxd1
Nxb4 15. axb4 Bxb4 16. Rd3 Ra3 17. Kd2 e5 18. Bxe5 Bf5 19. e4 Bxe4 20. Bd6 Rxc3
21. Bxb4 Rxd3+ 22. Bxd3 Rd8 23. Ke3 Bxg2 24. Rg1 Bc6 25. Bc3 g6 26. Rg5 f5 27.
Bxf5 Re8+ 28. Kd2 b4 29. Bd4 Be4 30. Bd7 Re7 31. Ba4 Bf5 32. Bb3+ Be6 33. Re5
Kf7 34. Rxe6 Rxe6 35. Bc5 Kf6 36. Bxe6 Kxe6 37. Bxb4 Kf5 38. f3 b5 39. Ke3 g5
40. Be7 h6 41. Bd6 Ke6 42. Bf8 h5 43. Ke4 1-0

[Event "YUG Cup 24th"]
[Site "Pula"]
[Date "1981.05.20"]
[Round "3.1"]
[White "Velimirovic, Dragoljub"]
[Black "Kovacevic, Vlatko"]
[Result "1-0"]
[WhiteElo "2480"]
[BlackElo "2500"]
[PlyCount "49"]
[EventDate "1981.05.18"]
[EventType "swiss ()"]
[EventRounds "5"]
[EventCountry "YUG"]
[Source "ChessBase"]
[SourceDate "2009.11.30"]
[WhiteTeam "Belgrade Rad"]
[BlackTeam "Zagreb Mladost"]
[WhiteTeamCountry "YUG"]
[BlackTeamCountry "YUG"]

1. e4 Nf6 2. e5 Nd5 3. c4 Nb6 4. d4 d6 5. f4 dxe5 6. fxe5 Nc6 7. Be3 Bf5 8. Nc3
e6 9. Nf3 Be7 10. d5 exd5 11. Bxb6 axb6 12. cxd5 Nb4 13. Nd4 Bc8 14. a3 Nxd5
15. Bb5+ Kf8 16. Qf3 Bc5 17. Rf1 f6 18. O-O-O Bxd4 19. Rxd4 c6 20. exf6 gxf6
21. Nxd5 cxd5 22. Rxd5 Qe7 23. Qc3 Kf7 24. Bc4 Be6 25. Rd7 1-0

[Event "YUG Cup 24th"]
[Site "Pula"]
[Date "1981.05.21"]
[Round "4.1"]
[White "Simic, Radoslav"]
[Black "Velimirovic, Dragoljub"]
[Result "1/2-1/2"]
[WhiteElo "2440"]
[BlackElo "2480"]
[PlyCount "67"]
[EventDate "1981.05.18"]
[EventType "swiss ()"]
[EventRounds "5"]
[EventCountry "YUG"]
[Source "ChessBase"]
[SourceDate "2009.11.30"]
[WhiteTeam "Belgrade Rakovica"]
[BlackTeam "Belgrade Rad"]
[WhiteTeamCountry "YUG"]
[BlackTeamCountry "YUG"]

1. d4 Nf6 2. c4 c5 3. d5 e6 4. Nc3 exd5 5. cxd5 d6 6. e4 g6 7. Nf3 Bg7 8. Be2
O-O 9. Nd2 Re8 10. O-O Nbd7 11. a4 a6 12. a5 b5 13. axb6 Nxb6 14. Ra2 c4 15.
Nxc4 Nxe4 16. Nxe4 Rxe4 17. Nxb6 Qxb6 18. Be3 Qb7 19. b3 Bd7 20. Qd3 Rb4 21.
Rxa6 Rxa6 22. Qxa6 Qxa6 23. Bxa6 Rxb3 24. Be2 Bb5 25. Bxb5 Rxb5 26. Rd1 Kf8 27.
g4 Ke7 28. Kg2 Be5 29. f4 Bc3 30. g5 Kd7 31. Kf3 Ba5 32. h4 Rb3 33. Ke4 Rb4+
34. Kf3 1/2-1/2

[Event "Vrsac"]
[Site "Vrsac"]
[Date "1981.??.??"]
[Round "1"]
[White "Velimirovic, Dragoljub"]
[Black "Campora, Daniel Hugo"]
[Result "1-0"]
[WhiteElo "2520"]
[BlackElo "2490"]
[PlyCount "103"]
[EventDate "1981.09.??"]
[EventType "tourn"]
[EventRounds "15"]
[EventCountry "YUG"]
[EventCategory "10"]
[Source "ChessBase"]
[SourceDate "1999.07.01"]
[WhiteTeamCountry "YUG"]
[BlackTeamCountry "YUG"]

1. e4 e5 2. Nf3 Nc6 3. c3 Nf6 4. d4 d6 5. h3 Be7 6. d5 Nb8 7. Bd3 O-O 8. c4 c6
9. dxc6 bxc6 10. Nc3 Nbd7 11. Be3 Qc7 12. O-O a5 13. Na4 d5 14. cxd5 cxd5 15.
Rc1 Qb8 16. Nh4 d4 17. Nf5 Re8 18. Nxe7+ Rxe7 19. Bg5 h6 20. Bd2 Ba6 21. Qe2
Bxd3 22. Qxd3 Nb6 23. Nxb6 Qxb6 24. b3 Rc7 25. Rxc7 Qxc7 26. Rc1 Qb7 27. f3 a4
28. b4 Rc8 29. Rc4 Rxc4 30. Qxc4 Ne8 31. Qc5 f6 32. b5 Nc7 33. b6 Ne6 34. Qd6
Kf7 35. h4 Qc8 36. h5 d3 37. Qxd3 Qc5+ 38. Be3 Nd4 39. b7 Qb4 40. Kh2 Qxb7 41.
Qc4+ Ne6 42. Qxa4 Qe7 43. Qc4 g6 44. a4 gxh5 45. a5 Qa3 46. Bb6 Qb2 47. Qd5 Ke7
48. Bc5+ Nxc5 49. Qxc5+ Kd7 50. a6 Qa1 51. a7 Qe1 52. Qb5+ 1-0

[Event "Vrsac"]
[Site "Vrsac"]
[Date "1981.??.??"]
[Round "2"]
[White "Velickovic, Sasa"]
[Black "Velimirovic, Dragoljub"]
[Result "1/2-1/2"]
[WhiteElo "2410"]
[BlackElo "2520"]
[PlyCount "231"]
[EventDate "1981.09.??"]
[EventType "tourn"]
[EventRounds "15"]
[EventCountry "YUG"]
[EventCategory "10"]
[Source "ChessBase"]
[SourceDate "1999.07.01"]
[WhiteTeamCountry "YUG"]
[BlackTeamCountry "YUG"]

1. e4 c5 2. Nf3 d6 3. d4 cxd4 4. Nxd4 Nf6 5. Nc3 g6 6. g3 Nc6 7. Nde2 h5 8. h3
Bd7 9. Bg2 Bg7 10. Nd5 Nxd5 11. exd5 Ne5 12. a4 Rc8 13. Ra2 Qc7 14. f4 Nc4 15.
b3 O-O 16. bxc4 Qxc4 17. Ra3 Bxa4 18. Qd3 Bxc2 19. Qxc4 Rxc4 20. Rxa7 Rb8 21.
Ra2 b5 22. Bb2 Ra4 23. Rxa4 bxa4 24. Bxg7 Kxg7 25. Kf2 Bb1 26. Nc3 Rb2+ 27. Kf3
Rb3 28. Rxb1 Rxc3+ 29. Kf2 Rc2+ 30. Kf3 Rc3+ 31. Kf2 Rc2+ 32. Kf3 a3 33. Bf1
Kf6 34. Bd3 Rc3 35. Ke2 a2 36. Ra1 Ra3 37. g4 h4 38. g5+ Kg7 39. Bc4 Rxh3 40.
Rxa2 Rc3 41. Bd3 Rc5 42. Be4 Rc4 43. Kf3 Rc3+ 44. Kg4 h3 45. Bf3 Rc4 46. Re2
Kf8 47. Kg3 Rc3 48. Rh2 Kg7 49. Rxh3 Ra3 50. Rh2 Rc3 51. Ra2 Rc7 52. Ra8 Rb7
53. Kg4 Rb1 54. Re8 f5+ 55. gxf6+ Kxf6 56. Rf8+ Kg7 57. Ra8 Rg1+ 58. Kh3 g5 59.
Ra4 gxf4 60. Rxf4 Re1 61. Bg4 Kg6 62. Be6 Rc1 63. Rf7 Rc7 64. Kg4 Rc4+ 65. Kf3
Rc3+ 66. Ke4 Rc4+ 67. Kd3 Rc7 68. Kd4 Kg5 69. Rf3 Rc1 70. Bd7 Rc7 71. Bf5 Kf6
72. Bd3+ Kg7 73. Re3 Kf7 74. Re6 Rc1 75. Bg6+ Kf8 76. Ke3 Rc5 77. Be4 Rc1 78.
Kf4 Rf1+ 79. Kg5 Rg1+ 80. Kh6 Rd1 81. Rg6 Kf7 82. Bf3 Rf1 83. Bg4 Rh1+ 84. Bh5
Kf8 85. Rg2 e5 86. dxe6 Ke7 87. Re2 Rg1 88. Bf7 Rg3 89. Kh5 Rg1 90. Kh4 Rh1+
91. Kg5 Rg1+ 92. Kf4 Rf1+ 93. Ke4 Rc1 94. Ra2 Re1+ 95. Kd3 Rd1+ 96. Kc2 Re1 97.
Ra7+ Kf6 98. Rd7 Re5 99. Rxd6 Ke7 100. Rd7+ Kf6 101. Kc3 Re1 102. Kc4 Re5 103.
Rd5 Re1 104. Kc5 Ke7 105. Rd7+ Kf8 106. Kd6 Rd1+ 107. Kc7 Re1 108. Kd8 Rxe6
109. Bh5 Re5 110. Bg6 Re6 111. Bf7 Re1 112. Rc7 Re3 113. Bh5 Re5 114. Rh7 Rd5+
115. Kc7 Kg8 116. Bg6 1/2-1/2

[Event "Vrsac"]
[Site "Vrsac"]
[Date "1981.??.??"]
[Round "3"]
[White "Velimirovic, Dragoljub"]
[Black "Sax, Gyula"]
[Result "0-1"]
[WhiteElo "2520"]
[BlackElo "2550"]
[PlyCount "70"]
[EventDate "1981.09.??"]
[EventType "tourn"]
[EventRounds "15"]
[EventCountry "YUG"]
[EventCategory "10"]
[Source "ChessBase"]
[SourceDate "1999.07.01"]
[WhiteTeamCountry "YUG"]
[BlackTeamCountry "YUG"]

1. e4 c5 2. Nf3 d6 3. d4 cxd4 4. Nxd4 Nf6 5. Nc3 g6 6. Be2 Bg7 7. O-O Nc6 8.
Nb3 O-O 9. Kh1 a6 10. f4 Be6 11. Bf3 Rc8 12. Nd5 Bd7 13. Be3 Nxd5 14. exd5 Na5
15. Nxa5 Qxa5 16. c3 Rc4 17. Re1 Bf5 18. Qc2 b5 19. Qf2 b4 20. Bb6 Qb5 21. Bd4
Bxd4 22. cxd4 Rc2 23. Qh4 Rxb2 24. Qxe7 Qd7 25. Qh4 Qd8 26. Re7 Re8 27. Rxe8+
Qxe8 28. Re1 Rb1 29. Bd1 Qc8 30. h3 Kg7 31. Kh2 Qc1 32. Re8 Bd7 33. Rb8 Qxd1
34. Qd8 Qg1+ 35. Kg3 Qe3+ 0-1

[Event "Vrsac"]
[Site "Vrsac"]
[Date "1981.??.??"]
[Round "4"]
[White "Rajkovic, Dusan"]
[Black "Velimirovic, Dragoljub"]
[Result "1/2-1/2"]
[WhiteElo "2470"]
[BlackElo "2520"]
[PlyCount "30"]
[EventDate "1981.09.??"]
[EventType "tourn"]
[EventRounds "15"]
[EventCountry "YUG"]
[EventCategory "10"]
[Source "ChessBase"]
[SourceDate "1999.07.01"]
[WhiteTeamCountry "YUG"]
[BlackTeamCountry "YUG"]

1. Nf3 Nf6 2. d4 c5 3. c3 e6 4. Bf4 cxd4 5. cxd4 Qb6 6. Qc1 Nc6 7. e3 d5 8. Nc3
Bd7 9. Be2 Rc8 10. O-O Ne4 11. Nd2 Nxd2 12. Qxd2 Na5 13. Rac1 Bb4 14. Bd3 O-O
15. Qe2 a6 1/2-1/2

[Event "Vrsac"]
[Site "Vrsac"]
[Date "1981.??.??"]
[Round "5"]
[White "Velimirovic, Dragoljub"]
[Black "Matulovic, Milan"]
[Result "0-1"]
[WhiteElo "2520"]
[BlackElo "2495"]
[PlyCount "66"]
[EventDate "1981.09.??"]
[EventType "tourn"]
[EventRounds "15"]
[EventCountry "YUG"]
[EventCategory "10"]
[Source "ChessBase"]
[SourceDate "1999.07.01"]
[WhiteTeamCountry "YUG"]
[BlackTeamCountry "YUG"]

1. e4 c5 2. Nf3 Nc6 3. Nc3 e6 4. Bb5 Nd4 5. Nxd4 cxd4 6. Ne2 Qg5 7. Nxd4 Qc5 8.
c3 e5 9. b4 Qb6 10. Qe2 exd4 11. cxd4 Qxd4 12. Rb1 Nf6 13. O-O Be7 14. Rb3 a6
15. e5 Nd5 16. Bb2 Qh4 17. g3 Qh6 18. Bd3 Nxb4 19. Bb1 O-O 20. a3 Nc6 21. g4 d6
22. f4 dxe5 23. Qg2 f5 24. Rh3 Qg6 25. Rg3 Bc5+ 26. Kh1 Bd4 27. gxf5 Qf6 28.
Rg6 Qf7 29. Ba2 Qxa2 30. Rxg7+ Kh8 31. f6 Rxf6 32. Bxd4 Be6 33. Rg1 Bd5 0-1

[Event "Vrsac"]
[Site "Vrsac"]
[Date "1981.??.??"]
[Round "6"]
[White "Cebalo, Miso"]
[Black "Velimirovic, Dragoljub"]
[Result "1/2-1/2"]
[WhiteElo "2500"]
[BlackElo "2520"]
[PlyCount "82"]
[EventDate "1981.09.??"]
[EventType "tourn"]
[EventRounds "15"]
[EventCountry "YUG"]
[EventCategory "10"]
[Source "ChessBase"]
[SourceDate "1999.07.01"]
[WhiteTeamCountry "YUG"]
[BlackTeamCountry "YUG"]

1. c4 e6 2. Nf3 Nf6 3. b3 d5 4. Bb2 Be7 5. cxd5 exd5 6. e3 O-O 7. Be2 a5 8. a3
Nbd7 9. O-O c6 10. d3 Bd6 11. Nbd2 Qe7 12. Re1 Ne5 13. Nxe5 Bxe5 14. Bxe5 Qxe5
15. Nf3 Qd6 16. Qd2 Bd7 17. b4 Ra7 18. Qc3 Rfa8 19. Rab1 axb4 20. axb4 Ra2 21.
h3 Ne8 22. Rb2 Nc7 23. Rxa2 Rxa2 24. d4 f6 25. Qb3 Ra7 26. Rc1 b5 27. Ne1 Na8
28. Nd3 Nb6 29. Qc3 Nc4 30. Ra1 Qb8 31. Nc5 Qa8 32. Rxa7 Qxa7 33. e4 Be8 34.
exd5 cxd5 35. g3 Bf7 36. Bg4 Qe7 37. Qa1 h5 38. Bf5 g6 39. Bd7 Nd6 40. Qf1 Be8
41. Be6+ Bf7 1/2-1/2

[Event "Vrsac"]
[Site "Vrsac"]
[Date "1981.??.??"]
[Round "7"]
[White "Velimirovic, Dragoljub"]
[Black "Simic, Sinisa"]
[Result "1-0"]
[WhiteElo "2520"]
[BlackElo "2200"]
[PlyCount "43"]
[EventDate "1981.09.??"]
[EventType "tourn"]
[EventRounds "15"]
[EventCountry "YUG"]
[EventCategory "10"]
[Source "ChessBase"]
[SourceDate "1999.07.01"]
[WhiteTeamCountry "YUG"]
[BlackTeamCountry "YUG"]

1. e4 c5 2. Nf3 e6 3. d4 cxd4 4. Nxd4 Nf6 5. Nc3 d6 6. g4 a6 7. g5 Nfd7 8. Be3
Be7 9. Qh5 O-O 10. O-O-O Nc6 11. Kb1 Qc7 12. Rg1 Nxd4 13. Bxd4 Re8 14. f4 Nf8
15. f5 exf5 16. Nd5 Qa5 17. Nf6+ Bxf6 18. gxf6 Ng6 19. Bc4 Be6 20. Bxe6 Rxe6
21. exf5 Ree8 22. Qf3 1-0

[Event "Vrsac"]
[Site "Vrsac"]
[Date "1981.??.??"]
[Round "8"]
[White "Chandler, Murray"]
[Black "Velimirovic, Dragoljub"]
[Result "0-1"]
[WhiteElo "2530"]
[BlackElo "2520"]
[PlyCount "140"]
[EventDate "1981.09.??"]
[EventType "tourn"]
[EventRounds "15"]
[EventCountry "YUG"]
[EventCategory "10"]
[Source "ChessBase"]
[SourceDate "1999.07.01"]
[WhiteTeamCountry "YUG"]
[BlackTeamCountry "YUG"]

1. d4 Nf6 2. c4 c5 3. d5 g6 4. Nc3 Bg7 5. e4 O-O 6. f3 d6 7. Bg5 Qa5 8. Qd2 Re8
9. Nge2 a6 10. Ng3 Nbd7 11. Be2 b5 12. Bh6 Bxh6 13. Qxh6 bxc4 14. O-O Rb8 15.
Rab1 Ne5 16. Qd2 Bd7 17. f4 Nd3 18. Bxd3 cxd3 19. Qxd3 Bb5 20. Nxb5 Rxb5 21. b3
Reb8 22. Rb2 Rb4 23. Re2 c4 24. bxc4 Qc5+ 25. Kh1 Rxc4 26. Qd2 Rd4 27. Qe1 Qb4
28. Qf2 Nxe4 29. Nxe4 Rxe4 30. h3 Qc4 31. Rxe4 Qxe4 32. Re1 Rb1 33. Rxb1 Qxb1+
34. Kh2 Qd3 35. Qa7 Kf8 36. Qc7 Qf1 37. Kg3 Qe1+ 38. Kf3 Qd2 39. Qc8+ Kg7 40.
Qxa6 Qxd5+ 41. Kf2 Qd2+ 42. Kf3 d5 43. Qa3 Qd1+ 44. Kf2 Qd4+ 45. Kg3 Kf6 46.
Qb3 h5 47. a4 h4+ 48. Kf3 Qe4+ 49. Kg4 Qxg2+ 50. Kxh4 Qf2+ 51. Kg4 Kg7 52. a5
Kh6 53. Qg3 Qe2+ 54. Qf3 f5+ 55. Kg3 Qe1+ 56. Qf2 Qxa5 57. Qe3 Qd8 58. Qd4 Kh7
59. Qe3 Kg7 60. Qe5+ Kf7 61. h4 Qd6 62. Qh8 Qf6 63. Qc8 Qe6 64. Qc3 Qe4 65. Qh8
Qe3+ 66. Kg2 Qe2+ 67. Kg1 Qg4+ 68. Kh1 Qh5 69. Qd4 Qxh4+ 70. Kg2 e6 0-1

[Event "Vrsac"]
[Site "Vrsac"]
[Date "1981.??.??"]
[Round "9"]
[White "Velimirovic, Dragoljub"]
[Black "Ftacnik, Lubomir"]
[Result "1/2-1/2"]
[WhiteElo "2520"]
[BlackElo "2525"]
[PlyCount "52"]
[EventDate "1981.09.??"]
[EventType "tourn"]
[EventRounds "15"]
[EventCountry "YUG"]
[EventCategory "10"]
[Source "ChessBase"]
[SourceDate "1999.07.01"]
[WhiteTeamCountry "YUG"]
[BlackTeamCountry "YUG"]

1. e4 c5 2. Nf3 d6 3. d4 Nf6 4. Nc3 cxd4 5. Nxd4 a6 6. Bg5 e6 7. f4 Qb6 8. Qd2
Qxb2 9. Rb1 Qa3 10. f5 Nc6 11. fxe6 fxe6 12. Nxc6 bxc6 13. e5 dxe5 14. Bxf6
gxf6 15. Ne4 Qxa2 16. Rd1 Be7 17. Be2 O-O 18. O-O f5 19. Qh6 Qxc2 20. Rd3 Qxe2
21. Rg3+ Kf7 22. Rxf5+ exf5 23. Rg7+ Ke8 24. Qxc6+ Kd8 25. Qb6+ Ke8 26. Qc6+
Kd8 1/2-1/2

[Event "Vrsac"]
[Site "Vrsac"]
[Date "1981.??.??"]
[Round "10"]
[White "Kapelan, Milorad"]
[Black "Velimirovic, Dragoljub"]
[Result "1/2-1/2"]
[WhiteElo "2305"]
[BlackElo "2520"]
[PlyCount "81"]
[EventDate "1981.09.??"]
[EventType "tourn"]
[EventRounds "15"]
[EventCountry "YUG"]
[EventCategory "10"]
[Source "ChessBase"]
[SourceDate "1999.07.01"]
[WhiteTeamCountry "YUG"]
[BlackTeamCountry "YUG"]

1. Nf3 Nf6 2. g3 e6 3. c4 d5 4. b3 Be7 5. Bg2 a5 6. Nc3 Ne4 7. Bb2 Bf6 8. d4
Nxc3 9. Bxc3 O-O 10. Rc1 Bd7 11. O-O Bc6 12. Qc2 a4 13. Rfd1 axb3 14. axb3 dxc4
15. bxc4 Ba4 16. Qa2 Bxd1 17. Qxa8 Bxe2 18. Qxb7 Bxc4 19. Bb4 Bd5 20. Qxc7 Qxc7
21. Rxc7 Na6 22. Bxf8 Nxc7 23. Bc5 Nb5 24. Ne5 Nc3 25. Bxd5 Nxd5 26. Kf1 Be7
27. Ke2 Kf8 28. Kd3 Ke8 29. Kc4 Bd8 30. Nc6 Bc7 31. Nb4 Nxb4 32. Bxb4 Kd7 33.
d5 e5 34. g4 f6 35. Kd3 g6 36. Ke4 Bd6 37. Bc3 Ke7 38. h3 Kf7 39. Ba5 Ke7 40.
f3 Kd7 41. Bb6 1/2-1/2